000 01648nam a2200361 a 4500
001 ebr10020858
003 CaPaEBR
006 m u
007 cr cn|||||||||
008 990421s2000 ctu sb 001 0 eng
010 _z 99022140
020 _z0275940705 (alk. paper)
040 _aCaPaEBR
_cCaPaEBR
035 _a(OCoLC)607785410
050 1 4 _aE176.1
_b.K42 2000eb
082 0 4 _a324.7/0973/0904
_221
100 1 _aKendall, Kathleen E.,
_d1937-
245 1 0 _aCommunication in the presidential primaries
_h[electronic resource] :
_bcandidates and the media, 1912-2000 /
_cKathleen E. Kendall.
260 _aWestport, Conn. :
_bPraeger,
_cc2000.
300 _axiv, 257 p.
490 1 _aPraeger series in political communication,
_x1062-5623
504 _aIncludes bibliographical references (p. [225]-243) and index.
533 _aElectronic reproduction.
_bPalo Alto, Calif. :
_cebrary,
_d2013.
_nAvailable via World Wide Web.
_nAccess may be limited to ebrary affiliated libraries.
650 0 _aPresidents
_zUnited States
_xElection
_y20th century.
650 0 _aPrimaries
_zUnited States
_xHistory
_y20th century.
650 0 _aCommunication in politics
_zUnited States
_xHistory
_y20th century.
650 0 _aRhetoric
_xPolitical aspects
_zUnited States
_xHistory
_y20th century.
650 0 _aMass media
_xPolitical aspects
_zUnited States
_xHistory
_y20th century.
655 7 _aElectronic books.
_2local
710 2 _aebrary, Inc.
830 0 _aPraeger series in political communication.
856 4 0 _uhttp://site.ebrary.com/lib/rucke/Doc?id=10020858
_zAn electronic book accessible through the World Wide Web; click to view
999 _c24242
_d24242